Favole per adultere /

Gespeichert in:
Bibliographische Detailangaben
1. Verfasser: Di Rienzo, Maria G. (Verfasst von)
Format: Buch
Sprache:Italienisch
Veröffentlicht: Milano : Babilonia, 1994
Schriftenreihe:La libreria di Babilonia. Narrativa
Schlagworte:
Tags: Tag hinzufügen
Keine Tags, Fügen Sie das erste Tag hinzu!

MARC

LEADER 00000nam a22000007i 4500
001 IT\ICCU\CFI\0297459
003 ItRI
005 20260130104025.0
008 950609s1994 it |||||| ||||| |||||c
015 |2 IT  |a 95-6371 
020 |a 8886386044 
040 |b ita  |c ct 
041 7 |a ita  |2 ISO-639-2 
082 |a 853.914  |2 20 
100 1 |a Di Rienzo, Maria G.  |0 IT\ICCU\CFIV\148326  |4 aut 
240 1 0 |a Favole per adultere  |9 Di Rienzo, Maria G. 
245 1 0 |a Favole per adultere /  |c Maria G. Di Rienzo. 
260 |a Milano :  |b Babilonia,  |c 1994 
300 |a 120 p. ;  |c 21 cm. 
650 7 |a Narrativa italiana  |x Sec. 20. 
830 3 |a La libreria di Babilonia. Narrativa  |0 IT\ICCU\CFI\0297507 
942 |2 ddc  |c BK 
952 |0 0  |1 0  |2 ddc  |4 0  |6 LNR_03DIRMAFAV12  |7 0  |9 6213  |a MI  |b MI  |d 2009-09-04  |i 5557  |l 0  |o LNR03-DIRMA-FAV12  |p CDOM5557  |r 2025-07-13 16:28:00  |w 2025-07-13  |x ACQUISTO  |y BK 
952 |0 0  |1 0  |2 ddc  |4 0  |6 LNR_03DIRMAFAV11  |7 0  |9 6214  |a MI  |b MI  |d 2006-10-16  |i 5242  |l 0  |o LNR03-DIRMA-FAV11  |p CDOM5242  |r 2025-07-13 16:28:00  |w 2025-07-13  |x DONO  |y BK 
952 |0 0  |1 0  |4 0  |6 L_853_920000000000000_DIR  |7 0  |9 17859  |a BO  |b BO  |d 2026-01-15  |i 20941  |l 0  |o L 853.92 DIR  |p BO20941  |r 2026-01-15 23:19:46  |w 2026-01-15  |x [Sebina 5] [1 v.]  |y BK  |z 1 v. 
999 |c 4977  |d 4977